Statistics for Fifty shades of grey trivia

Click here to take the quiz!

General Stats

  • This quiz has been taken 1,084 times
  • The average score is 6 of 15

Answer Stats

HintAnswer% Correct
the _____ roomred
90%
christian greys sisters namemia
68%
what car does christian buy annaaudi
58%
whats christian and anas safe wordyellow
51%
who's plays christian grey in the film adaptationjamie dornan
46%
who is jack hydeannas boss
44%
who is annas best guy friendjose
44%
what is christians helicopter calledcharlie tango
33%
what does anna do that christian loves/hatesbites her lip
28%
which one of christians subs stalked annaleila
25%
where was christian adopteddetroit
24%
whats the colour of annas dress that she borrows from kateplum
18%
where did anna workclaytons
15%
who's is annas bestfriendkate kavanagh
9%
who introduced christian into bdsmelena robinson
7%

Score Distribution

Percentile by Number Answered

Percent of People with Each Score

Your Score History

You have not taken this quiz